<The> Effect of Globalization on Wages in the Advanced Economies

Gespeichert in:
Bibliographische Detailangaben
1. Verfasser: Slaughter, Matthew J.
Weitere Verfasser: Swagel, Phillip
Format: Buch
Sprache:Englisch
Veröffentlicht: Washington International Monetary Fund 1997
Ausgabe:1. ed.
Schriftenreihe:IMF Working Paper 43
Schlagworte:
Tags: Tag hinzufügen
Keine Tags, Fügen Sie das erste Tag hinzu!

MARC

LEADER 00000nam a2200000 4500
001 c021157
005 20221129110141.3
041 0 |a eng 
044 |a US 
245 1 0 |a <The> Effect of Globalization on Wages in the Advanced Economies  |c Matthew J. Slaughter, Phillip Swagel 
250 |a 1. ed. 
264 1 |a Washington  |b International Monetary Fund  |c 1997 
300 |a 33 s. 
490 1 |a IMF Working Paper  |v 43 
830 0 |a IMF Working Paper  |v 43 
610 2 0 |a globalizácia 
610 2 0 |a globalizácia hospodárstva 
610 2 0 |a mzdy 
610 2 0 |a krajiny vyspelé 
610 2 0 |a pohyb kapitálu 
610 2 0 |a pohyb síl pracovných 
100 1 |a Slaughter, Matthew J. 
700 1 |a Swagel, Phillip